000 00684nam a2200205 i 4500
001 166235
003 ES-MaACL
005 20230906213306.0
008 010912s1901 fr |||| | fre d
100 1 _aThèry, Edmond.
_9109907
245 1 3 _aLe problème du change en Espagne /
_cpar Edmond Théry.
260 _aParis :
_bÉconomiste Européen,
_c1901 (
_fSimart)
300 _a101 p. ;
_c19 cm.
490 1 _aÉtudes Économiques et Financières
651 4 _aEspaña-
_xSituación económica-
_yS.XIX.
_98504
752 _aFrancia -
_dParís
830 0 _aÉtudes Économiques et Financières
_9188612
852 _aES-MaACL
_jB-13473
_z- Enc. hol.
999 _c166235
_d166235